| 000 | 01404nam a22002657a 4500 | ||
|---|---|---|---|
| 005 | 20090820163510.0 | ||
| 008 | 090820t xxu||||| |||| 00| 0 hin d | ||
| 010 | _aHIN-87817 | ||
| 020 | _c125.00 | ||
| 035 | _aHN-60163 | ||
| 037 | _bDBAD / PUB | ||
| 040 |
_adpl _bhn |
||
| 082 | _a327.7305491 | ||
| 100 | _aकौड़ा, विनय | ||
| 245 |
_aअमेरिका और पाकिस्तान रिश्तों की उलझन / _bविनय कौड़ा |
||
| 246 |
_aAmerica aur Pakistan rishton ki uljhan _bby Vinay Kaura |
||
| 250 | _b. | ||
| 260 |
_aबीकानेर _bविकास प्रकाशन _c2009 |
||
| 270 |
_aश्री जुबली नागरी भंडार स्टेशन रोड, _bबीकानेर _k0151-2541508, 9413210888 |
||
| 300 |
_a112पृ. _c22सेमी (सजिल्द) |
||
| 651 |
_aसंयुक्त राज्य अमेरिका _xअन्तर्राष्ट्रीय संबंध _zपाकिस्तान |
||
| 651 |
_aU.S.A. _xInternational relations _zPakistan |
||
| 942 |
_2ddc _cHN _mकौड़ावि _h327.7305491 |
||
| 999 |
_c29353 _d29353 |
||